000 00679nam a22001937a 4500
008 160920b xxu||||| |||| 00| 0 eng d
020 _a0205405592
020 _a978020545596
050 _aLB 1025.3
_b.H34 2007
100 _aHall, Gene E.
245 _aThe joy of teaching :
_bmaking a diffrence in student learning/
_cGene E. Hall, Linda F. Quinn and Donna M. Gollnick.
260 _aBoston :
_bPearson ,
_cc2008.
300 _axxxv, 620p. :
_bill.
500 _aIncludes bibliography and index.
650 _aTeaching
_xUnited States
_yTextbooks.
700 _aQuinn, Linda F.
700 _aGollnick, Donna M.
942 _2lcc
_cBOOKS
_hLB 1025.3 .H34 2007
999 _c13831
_d13831